000 00431nam a2200157 i 4500
001 34090
003 ES-MaACL
005 20230906154856.0
007 t|
008 030204s1976 sp ||||1| spa d
100 1 _aBlanco-Amor, Eduardo.
_929220
245 1 3 _aLa catedral y el niƱo /
_cEduardo Blanco-Amor.
260 _a[Madrid] :
_bEd. del Centro,
_c[1976]
300 _a359 p. ;
_c21 cm.
852 _aES-MaACL
_jA-7357
_bR.96399
999 _c34090
_d34090